000 00276nam a2200109Ia 4500
008 230320s9999||||xx |||||||||||||| ||spa||
082 _a194/C73
100 _aComte
245 0 _aCurso De FilosofĂ­a Positiva : Primera Y Segunda Lecciones
260 _bAguilar
942 _80
_cLIB
999 _c26262
_d26262